000 00918nam a2200277Ia 4500
003 OSt
005 20240919145345.0
006 a|||||r|||| 00| 0
007 ta
008 220927b |||||||| |||| 00| 0 eng d
020 _c2775.7215000000001
_a9781118166505
024 _a116611
037 _b219, 12/09/2012, Om Book Distributors
_cTextual
040 _aSDCL
_cSDCL
_beng
041 _2eng
_aeng
082 _aX651 Q2
100 _aConnors, Laurence A.
_9444124
245 0 _aHow markets really work :
_b a quantitative guide to stock market behavior /
250 _a2nd
260 _aHoboken, New Jersey :
_bJohn Wiley & Sons,Inc.
_c2012.
300 _axi,175p.
_ccm.
650 _aBusiness Economics
_9391653
700 _a Alvarez, Cesar
_9444125
942 _hX651 Q2
_cTEXL
_2CC
999 _c759239
_d759239